| 000 | 00271 a2200085 4500 | ||
|---|---|---|---|
| 100 | 1 |
_aWirsum, S.. _eAutor |
|
| 245 | 0 |
_aVerstaerkerbau mit integrierten Schaltungen / _cWirsum S.. |
|
| 710 | 2 |
_aFranzis-Verlag. _eWydawca _4pbl |
|
| 260 |
_aMuenchen : _bFranzis-Verlag, _c1971. |
||
| 300 |
_a160 s.; _c20 cm. |
||
| 999 |
_c14005 _d14005 |
||